| 000 | 01047nam a2200325 i 4500 | ||
|---|---|---|---|
| 003 | EG-GICUC | ||
| 005 | 20260322205921.0 | ||
| 008 | 260322s1909 enk||||fr|||| 001 0 eng d | ||
| 040 |
_aEG-GiCUC _beng _cEG-GiCUC _dEG-GiCUC _eRda |
||
| 041 | _aeng | ||
| 082 | 0 | 4 |
_221 _a341.6 _bHO . L |
| 092 | 0 | 4 | _221 |
| 099 | _aLaw1 11 341.6 HO . L 1909 | ||
| 100 | 1 |
_aHolland , Thomas Erskine _eAuthor. |
|
| 245 | 1 | 0 |
_aLetters to "the Times" Upon War and Neutrality (1881-1920) : _bWith Some Commentary / _c Thomas Erskine Holland. _n |
| 264 | 1 |
_aLondon : _bLongmans, Green, and Co, _c1909. |
|
| 300 |
_a166 page ; _c 24 cm. |
||
| 336 |
_2rda contenu _a texte |
||
| 337 |
_2rda medias _aOrdinateur |
||
| 338 |
_2 transporteur rda _a Ressource en ligne |
||
| 500 | _aIncludes Index Pages 163 - 166 . | ||
| 504 | _a | ||
| 546 | _aText in English | ||
| 650 | 1 | 4 |
_aPublic international law _2 |
| 650 | 1 | 4 | _aLaw of war |
| 651 | 1 | _2 | |
| 856 | 4 | 0 | _uhttps://fll.law.cu.edu.eg/fulltext/bks/B11-08655.pdf |
| 905 | _a60 | ||
| 942 |
_2ddc _cBK _e21 _n0 |
||
| 999 |
_c66498 _d66498 |
||